Észak-Írország a Brexit után

Bibliographic Details
Main Author: Tieber Vivien
Other Authors: Ferkelt Dr Balázs
Format: Thesis
Kulcsszavak:Észak-Írország
Brexit
Gazdaság
Online Access:http://dolgozattar.uni-bge.hu/22477

MARC

LEADER 00000nta a2200000 i 4500
001 dolg22477
005 20200529152302.0
008 190516suuuu hu om 000 hun d
040 |a BGE Dolgozattár Repozitórium  |b hun 
041 |a hu 
100 1 |a Tieber Vivien 
245 1 0 |a Észak-Írország a Brexit után  |c Tieber Vivien  |h [elektronikus dokumentum] 
695 |a Észak-Írország 
695 |a Brexit 
695 |a Gazdaság 
700 1 |a Ferkelt Dr Balázs  |e ths 
856 4 0 |u http://dolgozattar.uni-bge.hu/22477/1/Szakdolgozat%2C%20Tieber%20Vivien.pdf  |z Dokumentum-elérés